| 000 | 00925nam a22002297a 4500 | ||
|---|---|---|---|
| 999 |
_c21027 _d21027 |
||
| 003 | AR-CdUCM | ||
| 008 | 190724b ||||| |||| 00| 0 spa d | ||
| 020 | _a956-205-070-X | ||
| 040 |
_aMUNICIPALIDAD PROVINCIAL DEL CUSCO _cBIBLIOTECA MUNICIPAL DEL CUSCO |
||
| 082 |
_a305.4 / _bV19 |
||
| 100 |
_aValdes Echenique, Teresa _943819 |
||
| 245 | _aMujeres latinoamericanas en cifras / | ||
| 260 |
_aChile : _c1993. |
||
| 300 |
_a119 páginas ; _bilustraciones ; _c30 cm. |
||
| 505 | _aContenido : Identificación socioeconomica el país -- Demografía -- Trabajo -- Educación -- Salud -- Legislación Participación sociopolitica -- Organismos y acción de promoción de la mujer -- Observaciones metodológicas. | ||
| 650 |
_aMujeres _93760 |
||
| 650 |
_aDemografía _91556 |
||
| 710 |
_aMinisterio de asuntos sociales - Instituto de la mujer _943820 |
||
| 710 |
_aFLACSO _943821 |
||
| 942 |
_2ddc _cLIBROS |
||
| 945 | _azta | ||